[Event "Plunge op-A 38th"]
[Site "Plateliai"]
[Date "2018.07.21"]
[Round "8"]
[White "Vaskevicius, Augustas"]
[Black "Bagvilas, Lukas"]
[Result "1/2-1/2"]
[WhiteElo "1971"]
[BlackElo "1768"]
[PlyCount "136"]
[EventDate "2018.07.16"]
[EventType "swiss"]
[EventRounds "9"]
[EventCountry "LTU"]
[SourceTitle "EXT 2019"]
[Source "ChessBase"]
[SourceDate "2018.10.10"]
[SourceVersion "1"]
[SourceVersionDate "2018.10.10"]
[SourceQuality "1"]

1. e4 c6 2. d4 d5 3. e5 c5 4. dxc5 Nc6 5. a3 Nxe5 6. b4 g6 7. f4 Ng4 8. Bb2 N4f6 9. Nf3 Bg7 10. Ne5 Bd7 11. c4 e6 12. Be2 Ne7 13. 0-0 0-0 14. Bf3 Qc8 15. Nd2 Nc6 16. Qb3 Rd8 17. Rac1 Be8 18. Rfd1 Nd7 19. cxd5 Ndxe5 20. fxe5 Nxe5 21. Bxe5 Bxe5 22. dxe6 Qxe6 23. Qxe6 fxe6 24. Bxb7 Rab8 25. c6 Bc7 26. Ne4 Kf7 27. Nc5 Bb6 28. Kh1 Ke7 29. Rxd8 Rxd8 30. Na6 Be3 31. Re1 Bf2 32. Rf1 Rd3 33. c7 Bd7 34. c8Q Bxc8 35. Bxc8 Rxa3 36. g3 Bd4 37. Re1 e5 38. Kg2 Ra2+ 39. Kh3 Rb2 40. Bb7 h5 41. Bf3 Kd6 42. Rc1 e4 43. Bxe4 g5 44. Rc2 Rb3 45. Rc6+ Ke5 46. Bg6 h4 47. Nc5 Re3 48. Re6+ Kd5 49. Rxe3 Bxe3 50. Bf7+ Kc6 51. Be8+ Kd5 52. Bf7+ Kc6 53. gxh4 gxh4 54. Nd3 Bg5 55. Kg4 Bd8 56. Kf5 a5 57. Be8+ Kd5 58. bxa5 Bxa5 59. Nf4+ Kd6 60. Ng6 Be1 61. h3 Bf2 62. Bf7 Kd7 63. Kg4 Be1 64. Kf5 Bf2 65. Kg4 Be1 66. Nxh4 Bxh4 67. Kxh4 Ke7 68. Bc4 Kf6 1/2-1/2

[Event "Plunge op-A 38th"]
[Site "Plateliai"]
[Date "2018.07.17"]
[Round "3"]
[White "Bagvilas, Lukas"]
[Black "Novikovas, Anatolijus"]
[Result "1-0"]
[WhiteElo "1768"]
[BlackElo "1825"]
[PlyCount "55"]
[EventDate "2018.07.16"]
[EventType "swiss"]
[EventRounds "9"]
[EventCountry "LTU"]
[SourceTitle "EXT 2019"]
[Source "ChessBase"]
[SourceDate "2018.10.10"]
[SourceVersion "1"]
[SourceVersionDate "2018.10.10"]
[SourceQuality "1"]

1. e4 c6 2. d4 d5 3. exd5 cxd5 4. Bd3 Nc6 5. c3 Nf6 6. h3 g6 7. Qc2 Qc7 8. Nf3 Bg7 9. 0-0 0-0 10. Re1 Nh5 11. Bg5 Re8 12. Qb3 Be6 13. Nbd2 a6 14. Bh4 Rac8 15. Ng5 Qf4 16. Nxe6 Qxd2 17. Rad1 Qxe1+ 18. Rxe1 fxe6 19. Be2 Nf6 20. Bxf6 exf6 21. Bg4 f5 22. Bf3 Re7 23. Rxe6 Rxe6 24. Bxd5 Kh8 25. Bxe6 Re8 26. Qxb7 Nd8 27. Qd7 Rf8 28. Bb3 1-0